Library Banner

Information retrieval (Record no. 88538)

MARC details
000 -LEADER
fixed length control field 00435nam a22001577a 4500
005 - DATE AND TIME OF LATEST TRANSACTION
control field 20161103160512.0
008 - FIXED-LENGTH DATA ELEMENTS--GENERAL INFORMATION
fixed length control field 161103b xxu||||| |||| 00| 0 eng d
020 ## - INTERNATIONAL STANDARD BOOK NUMBER
International Standard Book Number 9788131716922
040 ## - CATALOGING SOURCE
Transcribing agency PK-LaUMT
082 ## - DEWEY DECIMAL CLASSIFICATION NUMBER
Classification number 005
Item number INF-
245 ## - TITLE STATEMENT
Title Information retrieval
Remainder of title data structures & algorithms
Statement of responsibility, etc Edit by William B. Frakes and Ricardo baeza-Yates
260 ## - PUBLICATION, DISTRIBUTION, ETC. (IMPRINT)
Place of publication, distribution, etc Delhi
Name of publisher, distributor, etc Pearson
Date of publication, distribution, etc 1992
300 ## - PHYSICAL DESCRIPTION
Extent 504 p.
546 ## - LANGUAGE NOTE
Language note EN
942 ## - ADDED ENTRY ELEMENTS (KOHA)
Koha item type Books
Holdings
Withdrawn status Lost status Damaged status Home library Current library Date acquired Full call number Barcode Date last seen Copy number Price effective from Koha item type
      UMT Main Campus UMT Main Campus 2016-11-03 CS_ARC 005 INF- 102639 2025-09-08 C-2 2016-11-03 Books